Tính hiện đại và sự chuyển biến của văn hóa Việt Nam thời cận đại Sách tham khảo

Đã lưu trong:
Sonraí Bibleagrafaíochta
Príomhúdar: Đỗ Quang Hưng
Formáid: Leabhar
Teanga:Vietnamese
Foilsithe: H. Chính trị Quốc gia 2013
Ábhair:
Clibeanna: Cuir Clib Leis
Gan Chlibeanna, Bí ar an gcéad duine leis an taifead seo a chlibeáil!
Thư viện lưu trữ: Mạng thư viện Đại học Đà Nẵng
LEADER 01226nam a2200337 4500
001 000019877
003 16318
005 20141128091126.0
008 141119s2013 viesd
020 |c 63000 
041 0 |a vie 
082 1 4 |a 959.703  |b ĐÔ-H 
100 1 |a Đỗ Quang Hưng 
245 1 0 |a Tính hiện đại và sự chuyển biến của văn hóa Việt Nam thời cận đại  |b Sách tham khảo  |c Đỗ Quang Hưng (ch,b), Trần Viết Nghĩa 
260 |a H.  |b Chính trị Quốc gia  |c 2013 
300 |a 392 tr.  |c 21 cm. 
504 |a Thư mục tr.389-390 
650 0 4 |a Tính hiện đại  |x Văn hóa  |y Thời cận đại  |z Việt Nam 
653 |a Tính hiện đại 
653 |a Thời cận đại 
653 |a Văn hóa Việt Nam 
OWN |a LSP 
AVA |a UDN50  |b LSP  |d 959.703 ĐÔ-H  |e available  |t Error 5001 Not defined in file expand_doc_bib_avail.  |f 5  |g 0  |h N  |i 0  |k 1 
999 |a From the UDN01 
AVA |a UDN50  |b LSP  |d 959.703 ĐÔ-H  |e available  |t Error 5001 Not defined in file expand_doc_bib_avail.  |f 5  |g 0  |h N  |i 0  |k 1 
TYP |a Monograph 
TYP |a Printed language 
980 |a Mạng thư viện Đại học Đà Nẵng